Nové technológie a komunikačné nástroje v marketingu bakalárska práca

Enregistré dans:
Détails bibliographiques
Auteur principal: Zavacký, Milan
Collectivité auteur: Obchodná fakulta EU. Katedra informatiky obchodných firiem
Autres auteurs: Škvarčeková, Oľga
Format: Livre
Langue:slovaque
Publié: Bratislava 2011
Tags: Ajouter un tag
Pas de tags, Soyez le premier à ajouter un tag!

MARC

LEADER 00000nbm a2200000 4500
001 0132049
005 20161109111428.5
041 0 |a slo 
044 |a SK 
245 1 0 |a Nové technológie a komunikačné nástroje v marketingu  |b bakalárska práca  |c Milan Zavacký ; školiteľ: Oľga Škvarčeková 
264 1 |a Bratislava  |c 2011 
300 |a 45 s. 
100 1 |a Zavacký, Milan 
700 1 |a Škvarčeková, Oľga 
710 2 |a Obchodná fakulta EU. Katedra informatiky obchodných firiem